000 01909nam a2200361 4500
003 EC-UNACH
005 20250509122557.0
006 s||||gr|||| 00| 00
008 150116t9999 mx r gr 000 0 spa d
020 _a978-9942-661-85-2
040 _aEC-UNACH
_cEC-UNACH
041 _aspa
082 0 4 _223
_a370
_bL017792
100 _aEstrada García, Jesús Edelberto / Estrada Flores, Pablo Andrés / Inca Chunata, Danny Fernando / Saltos Zumba, Marianela EsthefaníaGamboa Cortez, Laura Lizbeth
245 _aInnovar la docencia investigando
250 _aPrimera edición
264 _aRiobamba - Ecuador
_bEditorial UNACH
_c2025
264 _aProducción UNACH
300 _a222 páginas
_bTablas, Figuras
501 _aIncluye índice de contenido
505 _aLineamientos metodológicos -- Innovar la docencia investigando -- Investigación pedagógica -- Ética de la docencia en la investigación -- Metodología de la investigación -- Metodología cuantitativa -- Metodología cualitativa -- Investigación mixta: Integración de métodos cuantitativos y cualitativos -- Investigación transdisciplinaria y metodología de proyectos -- Redacción académica -- Metodología de proyectos de investigación-- Marco metodológico o metodología.
650 _aSEMILLEROS DE INVESTIGACIÓN
650 _aCÓDIGO DE ÉTICA
650 _aEPISTEMOLOGÍA DE LA INVESTIGACIÓN
650 _aMÉTODO CIENTÍFICO
650 _aFORMULACIÓN DE PROYECTOS
650 _aINVESTIGACIÓN FORMATIVA
856 _uhttps://doi.org/10.37135/u.editorial.05.156
_yLibro Digital - Estrada García, Jesús Edelberto / Estrada Flores, Pablo Andrés / Inca Chunata, Danny Fernando / Saltos Zumba, Marianela EsthefaníaGamboa Cortez, Laura Lizbeth
942 _2ddc
_cEBOOK
999 _c13591